Guess the Belgian inventions - Statistics

General Stats
  • This quiz has been taken 32 times
  • The average score is 3 of 12
Answers on the Grid
Answers color-coded by a green-red scale on the quiz's grid according to % correct below.
Big Bang theory
Asphalt
Washing machine
Bikini
Vending machine
Plastic
Saxophone
Body mass index (BMI)
Imodium
Bluetooth
Roller skates
Hairdryer
QR code
Mayonnaise
Cigarettes
Chocolate praline
Airplanes
Traffic lights
Robotic lawn mower
The Euro
The Smurfs
Cinema
Fentanyl
Lego Bricks
 
Answer Stats
Answer % Correct
Big Bang theory
75%
Saxophone
75%
Chocolate praline
25%
Imodium
25%
Plastic
25%
The Smurfs
25%
Asphalt
0%
Body mass index (BMI)
0%
Fentanyl
0%
Robotic lawn mower
0%
Roller skates
0%
The Euro
0%
No matching quizzes found
Score Distribution
Percent of People with Each Score
Percentile by Number Answered
Your Score History
You have not taken this quiz